000 00429nam a2200145 a 4500
001 000037904
005 20201002031132.0
008 130308s2012 dr ac 000 0 spa d
020 _a9789945165036
040 _aDO-SdBNP
_bspa
_cBNPHU
100 1 _aFlorencio, Magda
_964347
245 1 0 _aMagda Florencio :
_bla reportera /
_cMagda Florencio.
260 _aSanto Domingo :
_bBúho,
_c2012.
300 _a167 p. :
_bils., retr. ;
_c29 cm.
999 _c37394
_d37394